Redes y Jerarquías. Participación, representación y gobernanza local en América Latina
Na minha lista:
| Autor principal: | |
|---|---|
| Formato: | Desconhecido |
| Idioma: | inglês |
| Publicado em: |
México, D.F., México:
FLACSO México: International Development Research Centre (IDRC),
2012
|
| Edição: | Primera edición |
| Tags: |
Adicionar Tag
Sem tags, seja o primeiro a adicionar uma tag!
|
MARC
| LEADER | 00000 a2200000 4500 | ||
|---|---|---|---|
| 003 | CL-VaPUC | ||
| 005 | 20220112143919.0 | ||
| 008 | 220105b2012 ||||| |||| 00| 0 eng d | ||
| 999 | |c 434218 |d 434216 | ||
| 020 | |a 6077629995 | ||
| 040 | |c Pontificia Universidad Católica de Valparaíso | ||
| 082 | 7 | |a 323.042098 ZAR 2012 |2 22 | |
| 100 | |a Zaremberg, Gisela |9 865013 |e coordinadora | ||
| 245 | |a Redes y Jerarquías. |b Participación, representación y gobernanza local en América Latina | ||
| 250 | |a Primera edición | ||
| 260 | |a México, D.F., México: |b FLACSO México: |b International Development Research Centre (IDRC), |c 2012 | ||
| 300 | |a volumen I; |b 392 páginas | ||
| 583 | |k Cristina María Rojas Aguilar |c 20220105 | ||
| 942 | |2 ddc |c BK | ||
| 952 | |0 0 |1 0 |2 ddc |4 0 |6 323_042098000000000_ZAR_2012 |7 0 |8 A |9 580154 |a BIBING |b BIBING |c GEN |d 2022-01-05 |e 3 |g 9722.00 |i 563363K |o 323.042098 ZAR 2012 |p 563363K |r 2025-01-20 |t 2 |v 9722.00 |w 2022-01-05 |y BK |k GEO | ||
| 952 | |0 0 |1 0 |2 ddc |4 0 |6 323_042098000000000_ZAR_2012 |7 0 |8 A |9 580155 |a BIBING |b BIBING |c GEN |d 2022-01-05 |e 3 |g 9722.00 |i 5633621 |o 323.042098 ZAR 2012 |p 5633621 |r 2025-01-20 |t 1 |v 9722.00 |w 2022-01-05 |y BK |k GEO | ||